| 000 | 00946nam a2200289Ia 4500 | ||
|---|---|---|---|
| 003 | OSt | ||
| 005 | 20220918170855.0 | ||
| 006 | a|||||r|||| 00| 0 | ||
| 007 | ta | ||
| 008 | 220917b |||||||| |||| 00| 0 eng d | ||
| 020 | _a9780754645818 (hbk) | ||
| 024 | _a232,608 | ||
| 037 |
_b84715, 23/10/2007, International Book Distributors _cTextual |
||
| 040 |
_aARTS _cARTS _beng |
||
| 041 |
_2eng _aeng |
||
| 082 | _aL54:423.6, P7 | ||
| 100 |
_aPoku Nana K. Ed. _931892 |
||
| 245 | 0 | _aAids and governance | |
| 260 |
_aNew York _bAshgate Publishing Company U. S. A. _c2007 |
||
| 300 |
_axiv, 267p. _ccm. |
||
| 490 | _aGlobal health | ||
| 650 |
_aMEDICINE _94387 |
||
| 700 |
_a Sandkjaer Bjorg Ed. _931893 |
||
| 700 |
_a Whiteside Alan Ed. _931894 |
||
| 942 |
_hL54:423.6, P7 _cTEXL _2CC |
||
| 999 |
_c136386 _d136386 |
||